| 000 | 00000nam 2200000zi 4500 |
| 001 | 9.928279 |
| 003 | CaOODSP |
| 005 | 20250206125414 |
| 006 | m o d f |
| 007 | cr mn||||||||| |
| 008 | 231006s2022 onc o f000 0 chi d |
| 040 | |aCaOODSP|bfre|erda|cCaOODSP |
| 043 | |an-cn--- |
| 086 | 1 |aA104-337/2022Chi2-PDF |
| 245 | 04|a[Le Règlement sur la salubrité des aliments au Canada] : |b[ce que les petites entreprises doivent savoir]. |
| 250 | |a[Édition chinoise simplifiée]. |
| 264 | 1|a[Ottawa] : |bAgence canadienne d'inspection des aliments = Canadian Food Inspection Agency, |c[2022] |
| 300 | |a1 ressource en ligne (1 page) |
| 336 | |atexte|btxt|2rdacontent/fre |
| 337 | |ainformatique|bc|2rdamedia/fre |
| 338 | |aressource en ligne|bcr|2rdacarrier/fre |
| 500 | |aPublié aussi en français sous le titre : Le Règlement sur la salubrité des aliments au Canada : ce que les petites entreprises doivent savoir; et en anglais sous le titre : The Safe Food for Canadians Regulations : what small businesses need to know. |
| 500 | |aTitre en français fourni par l'éditeur. |
| 500 | |a« CFIA P1018E-19. » |
| 546 | |aTexte en chinois simplifié. |
| 650 | 6|aAliments|xSécurité|xRèglements|zCanada. |
| 650 | 6|aAliments|xIndustrie et commerce|xSécurité|xRèglements|zCanada. |
| 650 | 6|aPetites et moyennes entreprises|zCanada. |
| 710 | 2 |aAgence canadienne d'inspection des aliments, |eorganisme de publication. |
| 775 | 08|tLe Règlement sur la salubrité des aliments au Canada : |w(CaOODSP)9.928259 |
| 775 | 08|t[Le Règlement sur la salubrité des aliments au Canada] : |w(CaOODSP)9.928278 |
| 775 | 08|t[Le Règlement sur la salubrité des aliments au Canada] : |w(CaOODSP)9.928274 |
| 775 | 08|tBestimmungen über sichere Lebensmittel für Kanadierinnen und Kanadier : |w(CaOODSP)9.928280 |
| 775 | 08|t[Le Règlement sur la salubrité des aliments au Canada] : |w(CaOODSP)9.928282 |
| 775 | 08|t[Le Règlement sur la salubrité des aliments au Canada] : |w(CaOODSP)9.928284 |
| 775 | 08|tRegulamento Canadense de Segurança dos Alimentos : |w(CaOODSP)9.928295 |
| 775 | 08|tReglamento sobre la salubridad de los alimentos en Canadá : |w(CaOODSP)9.928301 |
| 775 | 08|t[Le Règlement sur la salubrité des aliments au Canada] : |w(CaOODSP)9.928306 |
| 775 | 08|tKanadalılar için Güvenli Gıda Mevzuatı : |w(CaOODSP)9.928308 |
| 791 | |t[The Safe Food for Canadians Regulations] : |eeng|w(CaOODSP)9.928262 |
| 856 | 40|qPDF|s476 Ko|uhttps://publications.gc.ca/collections/collection_2023/acia-cfia/A104-337-2022-2-chi.pdf |